000 00942nam a2200301 i 4500
003 DO-SdBNP
005 20260415080709.0
007 ta
008 260415b2017 dr ||||| |||| 00| 0 spa d
040 _aDO-SdBNP
_bspa
_cBNPHU
_erda
041 _aspa
082 4 _aRD861.44
_bA255c 2017
_222
100 _aAñez Bergés, Rafael,
_d1940-
_eautor
_4aut.
_924314
245 1 3 _aLa ciudad en nosotros /
_cRafael Añez Bergés.
250 _aprimera edición
264 1 _aSanto Domingo :
_bEditora Ortega,
_c2017.
300 _a73 páginas ;
_c27 cm.
336 _atexto
_btxt
_2rdacontent
337 _asin mediación
_bn
_2rdamedia
338 _avolumen
_bnc
_2rdacarrier
500 _aIncluye datos biográficos del autor en la contracubierta
504 _aBibliografía: página 73
590 _aInventariado 2026/BT
650 4 _aPoesía dominicana
_966
650 4 _aLiteratura dominicana.
_967
910 _aBtavárez
942 _2ddc
_cLBS1
999 _c60550
_d60550